Welcome to the Holygrace Academy Library

Please use search bar below to get started

MAZHAKANNU(COLLECTION OF POEMS) MALAYALAM (Record no. 8955)

MARC details
000 -LEADER
fixed length control field 00429nam a22001457a 4500
082 ## - DEWEY DECIMAL CLASSIFICATION NUMBER
Classification number 894.812.1
Item number SHA/M
100 ## - MAIN ENTRY--AUTHOR NAME
Personal name SHAJI THALORA
245 ## - TITLE STATEMENT
Title MAZHAKANNU(COLLECTION OF POEMS) MALAYALAM
246 ## - VARYING FORM OF TITLE
Title proper/short title MAZHAKANNU(COLLECTION OF POEMS) MALAYALAM
Remainder of title MAZHAKANNU(COLLECTION OF POEMS) MALAYALAM
260 ## - PUBLICATION, DISTRIBUTION, ETC. (IMPRINT)
Place of publication KANNUR,KERALA
Name of publisher ITHAL BOOKS,
Year of publication 2024
300 ## - PHYSICAL DESCRIPTION
Number of Pages 124
520 ## - SUMMARY, ETC.
Summary, etc MALAYALAM POEMS
650 ## - SUBJECT ADDED ENTRY--TOPICAL TERM
Topical Term MALAYALAM POEMS
942 ## - ADDED ENTRY ELEMENTS (KOHA)
Koha item type Books
Holdings
Withdrawn status Lost status Collection code Home library Current library Shelving location Date acquired Source of acquisition Cost, normal purchase price Full call number Accession Number Koha item type
    POEMS Main Library Main Library SHELF-16H-MALAYALAM POEMS 27/09/2024 COTRIBUTION 200.00 894.812.1 SHA/M 13715 Books